Normal view
MARC view
- NULL,WILLIAM GORE
Entry Personal Name
001 - CONTROL NUMBER
- control field: 89076
003 - CONTROL NUMBER IDENTIFIER
- control field: NUST
005 - DATE AND TIME OF LATEST TRANSACTION
- control field: 20220216153908.0
008 - FIXED-LENGTH DATA ELEMENTS
- fixed length control field: 220216|| aca||aabn | a|a d
040 ## - CATALOGING SOURCE
- Original cataloging agency: NUST
- Transcribing agency: NUST
100 ## - HEADING--PERSONAL NAME
- Personal name: NULL,WILLIAM GORE
670 ## - SOURCE DATA FOUND
- Source citation: Work cat.: (NUST): NULL,WILLIAM GORE., SO YOU WANT TO BUILD A HOUSE /, 2006
